[Event "LSS Masters Group A 1st"]
[Site "LSS email"]
[Date "2010.05.30"]
[Round "?"]
[White "Kotlyanskiy, Edward"]
[Black "Robson, Nigel"]
[Result "1/2-1/2"]
[WhiteElo "2476"]
[BlackElo "2678"]
[PlyCount "69"]
[EventDate "2010.06.02"]
[EventType "tourn (corr)"]
[EventRounds "8"]
[EventCountry "GER"]
[SourceTitle "Telechess CBM 157"]
[Source "ChessBase"]
[SourceDate "2013.11.12"]
[SourceVersion "1"]
[SourceVersionDate "2013.11.12"]
[SourceQuality "1"]

1. e4 c5 2. Nf3 d6 3. d4 cxd4 4. Nxd4 Nf6 5. Nc3 a6 6. Be3 e5 7. Nb3 Be6 8. f3 Nbd7 9. g4 Nb6 10. g5 Nh5 11. Qd2 Be7 12. 0-0-0 Rc8 13. Kb1 0-0 14. a3 Qc7 15. Bd3 Nc4 16. Bxc4 Bxc4 17. Rhg1 b5 18. Rg2 Rb8 19. Na2 Rfc8 20. Nb4 Ra8 21. Nd5 Bxd5 22. Qxd5 Rab8 23. Nc1 b4 24. a4 Qd7 25. b3 Qe6 26. Qxe6 fxe6 27. Nd3 Rc6 28. g6 hxg6 29. Rxg6 Kf7 30. Rg2 Bd8 31. h4 a5 32. Bg5 Nf6 33. Bxf6 Bxf6 34. Nb2 Rd8 35. Rgd2 1/2-1/2

[Event "FICGS lightning silver 000014 email"]
[Site "FICGS email"]
[Date "2010.04.24"]
[Round "1"]
[White "Kotlyanskiy, Edward"]
[Black "Nichols, Scott"]
[Result "1-0"]
[WhiteElo "2199"]
[BlackElo "2196"]
[PlyCount "101"]
[EventDate "2010.??.??"]
[EventType "game (corr)"]
[SourceTitle "Corr 2013"]
[Source "ChessBase"]
[SourceDate "2012.11.12"]
[SourceVersion "1"]
[SourceVersionDate "2012.11.12"]
[SourceQuality "1"]

1. d4 Nf6 2. c4 g6 3. g3 Bg7 4. Nf3 0-0 5. Bg2 d6 6. Nc3 c6 7. 0-0 Qa5 8. Bd2 Qh5 9. Qb3 e5 10. dxe5 dxe5 11. Ng5 h6 12. Nge4 Nbd7 13. Rad1 a5 14. Rfe1 Nxe4 15. Nxe4 Nf6 16. Nd6 e4 17. Bf4 Qc5 18. a4 Be6 19. Be3 Qh5 20. Bd4 Ng4 21. h3 Bxd4 22. Rxd4 Nf6 23. Qxb7 e3 24. Qxc6 exf2+ 25. Kxf2 Bxh3 26. Bxh3 Qxh3 27. Qf3 Qe6 28. Red1 Rab8 29. R1d2 h5 30. Kg2 Ng4 31. Re4 Qd7 32. c5 Qc6 33. Rxg4 Qxf3+ 34. Kxf3 hxg4+ 35. Kxg4 Rb4+ 36. Kg5 Kg7 37. e4 Rxa4 38. c6 f6+ 39. Kf4 Ra1 40. Rc2 Rd1 41. Nc4 g5+ 42. Kg4 Rd4 43. Kf5 Rc8 44. Nxa5 Kf7 45. Nc4 Rc7 46. b4 Rxc6 47. Ne5+ fxe5 48. Rxc6 Rxb4 49. Rc7+ Kf8 50. Rc5 g4 51. Rxe5 1-0

[Event "FICGS lightning silver 000011 email"]
[Site "FICGS email"]
[Date "2010.04.08"]
[Round "1"]
[White "Kotlyanskiy, Edward"]
[Black "Gray, Garvin"]
[Result "1/2-1/2"]
[WhiteElo "2225"]
[BlackElo "2034"]
[PlyCount "121"]
[EventDate "2010.??.??"]
[EventType "game (corr)"]
[SourceTitle "Corr 2013"]
[Source "ChessBase"]
[SourceDate "2012.11.12"]
[SourceVersion "1"]
[SourceVersionDate "2012.11.12"]
[SourceQuality "1"]

1. e4 d5 2. exd5 Nf6 3. d4 Nxd5 4. Nf3 Bg4 5. Be2 e6 6. 0-0 Be7 7. c4 Nb6 8. Nc3 0-0 9. h3 Bh5 10. Qb3 Bxf3 11. Bxf3 Nc6 12. Bxc6 bxc6 13. Ne2 Qc8 14. Bf4 Qa6 15. Rfc1 Bd6 16. Qg3 Rad8 17. b3 Rfe8 18. c5 Bxf4 19. Nxf4 Nd5 20. Rc4 Qb7 21. Re1 a6 22. Ra4 Re7 23. Nh5 g6 24. Nf4 Qb5 25. Nd3 f6 26. h4 Kg7 27. h5 g5 28. Nb2 Kh6 29. Qh3 Rg8 30. Nc4 g4 31. Qd3 Rg5 32. Re4 Kg7 33. Ra5 Qb8 34. Qg3 f5 35. Re1 Rxh5 36. f3 Rg5 37. Ne5 Qb4 38. Ra4 Qc3 39. Qh4 h6 40. fxg4 Ne3 41. Re2 Nxg4 42. Nf3 Qd3 43. Qe1 f4 44. Qd2 Qxd2 45. Rxd2 Rd5 46. Re2 e5 47. Re4 h5 48. Rxa6 Kg6 49. dxe5 Rxc5 50. Re1 Rc3 51. Ra8 c5 52. Rg8+ Kf7 53. Rg5 Ne3 54. Nh4 Ke6 55. Ng6 Rf7 56. Rxh5 f3 57. gxf3 Rxf3 58. Rg5 Nc2 59. Rc1 c4 60. bxc4 Rxc4 61. a4 1/2-1/2

[Event "FICGS W-ch email"]
[Site "FICGS email"]
[Date "2009.09.01"]
[Round "6"]
[White "Kotlyanskiy, Edward"]
[Black "Pichelin, Xavier"]
[Result "1/2-1/2"]
[WhiteElo "2447"]
[BlackElo "2577"]
[PlyCount "140"]
[EventDate "2009.??.??"]
[EventType "match (corr)"]
[EventRounds "9"]
[SourceTitle "Corr 2022"]
[Source "ChessBase"]
[SourceDate "2021.10.24"]
[SourceVersion "1"]
[SourceVersionDate "2021.10.24"]
[SourceQuality "1"]

1. d4 d5 2. Nf3 Nf6 3. c4 c6 4. Nc3 e6 5. Bg5 h6 6. Bh4 dxc4 7. e4 g5 8. Bg3 b5 9. Be2 Bb7 10. h4 g4 11. Ne5 Nbd7 12. Nxd7 Qxd7 13. Be5 Qe7 14. 0-0 Rg8 15. Rc1 a6 16. Re1 c5 17. a4 b4 18. Nd5 exd5 19. exd5 0-0-0 20. Bxc4 Nxd5 21. Bd3 Qd7 22. Qc2 Qc6 23. Bf5+ Rd7 24. Bxd7+ Kxd7 25. Qf5+ Qe6 26. Qd3 Qg6 27. Qg3 Kc8 28. dxc5 Qc6 29. Rcd1 Be7 30. Bd6 Bd8 31. Rd4 Nf6 32. Re5 h5 33. Rxb4 Re8 34. f3 a5 35. Rd4 gxf3 36. Qxf3 Qxf3 37. gxf3 Rxe5 38. Bxe5 Nd5 39. Bg3 Bf6 40. Re4 Kd7 41. Be1 Bxb2 42. Bxa5 f5 43. Re2 Bd4+ 44. Kh1 f4 45. Be1 Bxc5 46. Re5 Bd6 47. Rxh5 Nf6 48. Rb5 Bxf3+ 49. Kg1 Bc6 50. Rg5 Bxa4 51. h5 Ke6 52. Bc3 Bc2 53. h6 Nh7 54. Rh5 Bg6 55. Rb5 Bd3 56. Rh5 Be2 57. Ra5 Bc7 58. Ra4 Bd3 59. Bd4 Kd5 60. Bf2 Be5 61. Bh4 Ke6 62. Kf2 Bc2 63. Ra2 Bb3 64. Ra3 Bd1 65. Kf1 Bh5 66. Ra5 Bg6 67. Ke2 Bc3 68. Ra3 Bh5+ 69. Kd3 Be5 70. Ra6+ Kf5 1/2-1/2

[Event "FICGS W-ch email"]
[Site "FICGS email"]
[Date "2009.09.01"]
[Round "8"]
[White "Kotlyanskiy, Edward"]
[Black "Pichelin, Xavier"]
[Result "1-0"]
[WhiteElo "2447"]
[BlackElo "2577"]
[PlyCount "107"]
[EventDate "2009.??.??"]
[EventType "match (corr)"]
[EventRounds "9"]
[SourceTitle "Corr 2022"]
[Source "ChessBase"]
[SourceDate "2021.10.24"]
[SourceVersion "1"]
[SourceVersionDate "2021.10.24"]
[SourceQuality "1"]

1. d4 Nf6 2. c4 e6 3. Nf3 b6 4. g3 Ba6 5. b3 Bb4+ 6. Bd2 Be7 7. Bg2 c6 8. 0-0 d5 9. Bc3 Nbd7 10. Nbd2 0-0 11. Qc2 Rc8 12. e4 Qc7 13. Rac1 Rfd8 14. Rfd1 Ba3 15. Rb1 c5 16. Ba1 cxd4 17. exd5 exd5 18. b4 dxc4 19. Qa4 Bxb4 20. Qxa6 Bxd2 21. Rxd2 d3 22. Rc1 Qc5 23. Bd4 Qd5 24. Be3 Ne4 25. Rdd1 f5 26. Nd4 Kh8 27. Qxa7 f4 28. gxf4 Ra8 29. Bxe4 Qxe4 30. Qc7 Rac8 31. Qd6 Nf6 32. Qe5 Qg6+ 33. Qg5 Qe4 34. Qf5 Qb7 35. a4 Re8 36. Qh3 Nd5 37. Nb5 Rc6 38. f5 Nxe3 39. fxe3 Qe7 40. Nd4 Rcc8 41. Ne6 g6 42. Nf4 Qg5+ 43. Kf2 gxf5 44. Qh5 h6 45. Qf7 Qh4+ 46. Kf1 Rg8 47. Rxd3 Qg5 48. Rd2 Qg1+ 49. Ke2 Qxh2+ 50. Kd1 Qh1+ 51. Kc2 Qe4+ 52. Kb2 Rg7 53. Qe6 Qxe6 54. Nxe6 1-0

[Event "FICGS W-ch email"]
[Site "FICGS email"]
[Date "2009.09.01"]
[Round "9"]
[White "Pichelin, Xavier"]
[Black "Kotlyanskiy, Edward"]
[Result "1/2-1/2"]
[WhiteElo "2577"]
[BlackElo "2447"]
[PlyCount "84"]
[EventDate "2009.??.??"]
[EventType "match (corr)"]
[EventRounds "9"]
[SourceTitle "Corr 2022"]
[Source "ChessBase"]
[SourceDate "2021.10.24"]
[SourceVersion "1"]
[SourceVersionDate "2021.10.24"]
[SourceQuality "1"]

1. e4 c5 2. Nf3 d6 3. d4 cxd4 4. Nxd4 Nf6 5. Nc3 a6 6. f3 e5 7. Nb3 Be6 8. Be3 Be7 9. Qd2 0-0 10. 0-0-0 Nbd7 11. g4 b5 12. g5 b4 13. Ne2 Ne8 14. f4 a5 15. f5 a4 16. Nbd4 exd4 17. Nxd4 b3 18. Kb1 bxc2+ 19. Nxc2 Bb3 20. axb3 axb3 21. Na3 Ne5 22. h4 Ra4 23. Bd4 Nf3 24. Qc3 Nxd4 25. Rxd4 Rxd4 26. Qxd4 d5 27. Qxd5 Qb6 28. Bc4 Bxa3 29. bxa3 Nd6 30. g6 hxg6 31. fxg6 Nxc4 32. gxf7+ Rxf7 33. Qxc4 Qf2 34. Qxb3 Kh7 35. Rd1 Rf4 36. Qd5 Rxh4 37. Qf5+ Qxf5 38. exf5 g5 39. Rd6 Rf4 40. Rf6 Kg7 41. Rg6+ Kf7 42. Rxg5 Kf6 1/2-1/2

[Event "LSS ST-2008-0-00035"]
[Site "LSS email"]
[Date "2008.09.19"]
[Round "?"]
[White "Schuster, Peter"]
[Black "Kotlyanskiy, Edward"]
[Result "1-0"]
[WhiteElo "2410"]
[BlackElo "2475"]
[PlyCount "119"]
[EventDate "2008.07.11"]
[EventType "tourn (corr)"]
[EventRounds "6"]
[EventCountry "GER"]
[SourceTitle "Corr 2011"]
[Source "ChessBase"]
[SourceDate "2010.08.31"]
[SourceVersion "1"]
[SourceVersionDate "2010.08.31"]
[SourceQuality "1"]

1. e4 c5 2. Nf3 d6 3. d4 cxd4 4. Nxd4 Nf6 5. Nc3 a6 6. Bg5 e6 7. f4 Qb6 8. a3 Nbd7 9. Bh4 e5 10. Nf3 Be7 11. Bf2 Qc7 12. Bd3 0-0 13. Qd2 b5 14. 0-0-0 Bb7 15. Rhe1 Rad8 16. h3 Nc5 17. Bxc5 Qxc5 18. Kb1 exf4 19. Qxf4 Rde8 20. g4 b4 21. axb4 Qxb4 22. g5 Nd7 23. Qc1 Nc5 24. Bf1 Rb8 25. Rd4 Qb6 26. h4 Rfc8 27. Rc4 g6 28. h5 a5 29. Re3 Qd8 30. Qd2 Bc6 31. Re1 Rc7 32. hxg6 hxg6 33. Qf4 Ne6 34. Qg3 Qc8 35. Nd4 Nxd4 36. Rxd4 Ba8 37. Re3 Rb4 38. Rd2 Qb8 39. Nd1 Bxe4 40. Bd3 Rcb7 41. c3 Bxd3+ 42. Rexd3 R4b5 43. Rh2 Rxg5 44. Qf2 Qa7 45. Qf1 Rbb5 46. Rdh3 Rh5 47. Rxh5 Rxh5 48. Rxh5 gxh5 49. Qg2+ Kf8 50. Qf3 h4 51. Ne3 Bg5 52. Nf5 Qd7 53. Qa8+ Qe8 54. Qg2 Qe1+ 55. Kc2 f6 56. Qa8+ Qe8 57. Qf3 Qe6 58. Nd4 Qd7 59. Nf5 d5 60. Nd4 1-0

[Event "LSS ST-2008-0-00035"]
[Site "LSS email"]
[Date "2008.09.18"]
[Round "?"]
[White "Kotlyanskiy, Edward"]
[Black "Daurelle, Herve"]
[Result "1-0"]
[WhiteElo "2367"]
[BlackElo "2352"]
[PlyCount "151"]
[EventDate "2008.07.11"]
[EventType "tourn (corr)"]
[EventRounds "6"]
[EventCountry "GER"]
[SourceTitle "Corr 2013"]
[Source "ChessBase"]
[SourceDate "2012.11.12"]
[SourceVersion "1"]
[SourceVersionDate "2012.11.12"]
[SourceQuality "1"]
[WhiteTeam "US of America"]
[BlackTeam "US of America"]
[WhiteTeamCountry "USA"]
[BlackTeamCountry "USA"]

1. e4 c5 2. Nf3 d6 3. d4 cxd4 4. Nxd4 Nf6 5. Nc3 Bd7 6. Bg5 e6 7. Qd2 h6 8. Bxf6 Qxf6 9. 0-0-0 a6 10. f4 Nc6 11. Nf3 Qd8 12. h4 Qc7 13. Kb1 0-0-0 14. a3 Kb8 15. Bc4 Be7 16. Ba2 Qa5 17. Rhf1 g6 18. g4 f5 19. exf5 gxf5 20. g5 d5 21. Rh1 Qb6 22. Ka1 hxg5 23. fxg5 Bd6 24. h5 Ne5 25. Nxe5 Bxe5 26. g6 d4 27. Nb1 Bc6 28. Rh3 Be4 29. h6 Qc7 30. Rf1 f4 31. Rg1 Rhe8 32. Rh5 d3 33. c3 Bf6 34. Qf2 Bf5 35. Bb3 Be7 36. Qh2 Bc5 37. Rgg5 Be3 38. Rxf5 exf5 39. g7 Ka7 40. Rg5 Re7 41. Nd2 f3 42. Qxc7 Rxc7 43. h7 Rxg7 44. Rxg7 Bxd2 45. Bd5 Rxd5 46. h8Q Bxc3 47. Qg8 Rd6 48. Rg1 f2 49. bxc3 Rd8 50. Qg3 fxg1Q+ 51. Qxg1+ Kb8 52. Qg5 Kc7 53. Qd2 Rd5 54. Kb2 Kd7 55. Qg2 Ke6 56. Qg6+ Kd7 57. c4 Rd6 58. Qxf5+ Kc7 59. Kc1 d2+ 60. Kd1 Rc6 61. a4 Kb8 62. Qe5+ Ka7 63. c5 Rh6 64. Qe3 Rc6 65. Kxd2 Ka8 66. a5 Kb8 67. Kc3 Rc8 68. Qe5+ Ka8 69. Qd6 Ka7 70. Kc4 Ka8 71. Kd5 Ka7 72. Ke6 Rg8 73. Qd4 Rg6+ 74. Ke7 Ka8 75. Qd6 Rg5 76. Kd7 1-0

[Event "FICGS class M 000023 email"]
[Site "FICGS email"]
[Date "2008.09.09"]
[Round "1"]
[White "Tsenkov, Lyubomir"]
[Black "Kotlyanskiy, Edward"]
[Result "1/2-1/2"]
[WhiteElo "2265"]
[BlackElo "2318"]
[PlyCount "104"]
[EventDate "2008.??.??"]
[EventType "tourn (corr)"]
[EventRounds "6"]
[SourceTitle "Corr 2022"]
[Source "ChessBase"]
[SourceDate "2021.10.24"]
[SourceVersion "1"]
[SourceVersionDate "2021.10.24"]
[SourceQuality "1"]

1. c4 e5 2. Nc3 Nf6 3. Nf3 Nc6 4. g3 Bb4 5. Bg2 0-0 6. 0-0 e4 7. Ng5 Bxc3 8. bxc3 Re8 9. f3 exf3 10. Nxf3 Qe7 11. e3 Ne5 12. d3 Rb8 13. Rb1 Nxf3+ 14. Qxf3 d6 15. e4 Nd7 16. d4 b6 17. Re1 Ba6 18. Bf1 Qe6 19. Bf4 h6 20. Qf2 g5 21. Bd2 Qg6 22. Qf3 Nf6 23. Bd3 Bb7 24. d5 Re5 25. c5 Rbe8 26. cxd6 cxd6 27. c4 Nxe4 28. Bc3 R5e7 29. Re3 f5 30. Rbe1 g4 31. Qf4 Ba6 32. a4 Ng5 33. Rxe7 Rxe7 34. Kg2 Rxe1 35. Bxe1 Qf6 36. Qxf5 Qxf5 37. Bxf5 Bxc4 38. Bxg4 Bxd5+ 39. Kf2 a5 40. Ke3 Bb3 41. Kd3 Bxa4 42. Bf2 Nf7 43. Kc3 b5 44. Bb6 b4+ 45. Kb2 Ne5 46. Be6+ Kg7 47. Bxa5 Kf6 48. Bd5 Nd3+ 49. Kb1 Ke5 50. Bc4 Kd4 51. Bxd3 Kxd3 52. Bxb4 d5 1/2-1/2

[Event "FICGS W-ch final email"]
[Site "FICGS email"]
[Date "2008.08.22"]
[Round "1"]
[White "Khachaturov, Vadim"]
[Black "Kotlyanskiy, Edward"]
[Result "1/2-1/2"]
[WhiteElo "2090"]
[BlackElo "2285"]
[PlyCount "85"]
[EventDate "2008.??.??"]
[EventType "tourn (corr)"]
[EventRounds "6"]
[EventCategory "5"]
[SourceTitle "Corr 2022"]
[Source "ChessBase"]
[SourceDate "2021.10.24"]
[SourceVersion "1"]
[SourceVersionDate "2021.10.24"]
[SourceQuality "1"]

1. d4 d5 2. c4 c6 3. Nf3 Nf6 4. e3 e6 5. Bd3 Nbd7 6. 0-0 dxc4 7. Bxc4 Bd6 8. Nc3 0-0 9. e4 e5 10. Bg5 Qe7 11. Re1 Rd8 12. d5 Nb6 13. Bb3 h6 14. Bh4 Bg4 15. h3 Bh5 16. Qe2 a5 17. Qe3 Nbd7 18. dxc6 bxc6 19. Na4 g5 20. Bg3 Nc5 21. Nxc5 Bxc5 22. Qc3 Bxf3 23. Qxf3 Bd4 24. Rab1 a4 25. Bc4 Ne8 26. b4 axb3 27. Bxb3 Qf6 28. Qe2 Nd6 29. Rbc1 c5 30. Kh1 Rdc8 31. Rc2 Kg7 32. Bd5 Ra5 33. Qd2 Ra4 34. Rec1 c4 35. f3 h5 36. Qe2 Ra3 37. Bxc4 Nxc4 38. Rxc4 Rxc4 39. Qxc4 g4 40. Qc6 Qe7 41. Qc7 Qxc7 42. Rxc7 Rxa2 43. Rc1 1/2-1/2

[Event "FICGS W-ch final email"]
[Site "FICGS email"]
[Date "2008.08.22"]
[Round "1"]
[White "Kotlyanskiy, Edward"]
[Black "Borisovs, Leonids"]
[Result "1-0"]
[WhiteElo "2285"]
[BlackElo "2170"]
[PlyCount "71"]
[EventDate "2008.??.??"]
[EventType "tourn (corr)"]
[EventRounds "6"]
[EventCategory "5"]
[SourceTitle "Corr 2022"]
[Source "ChessBase"]
[SourceDate "2021.10.24"]
[SourceVersion "1"]
[SourceVersionDate "2021.10.24"]
[SourceQuality "1"]

1. e4 c5 2. Nf3 Nc6 3. d4 cxd4 4. Nxd4 e5 5. Nb5 d6 6. N1c3 a6 7. Na3 Be6 8. Nc4 b5 9. Ne3 Nf6 10. Bd3 Be7 11. Ncd5 0-0 12. 0-0 Nd7 13. a4 b4 14. c3 bxc3 15. bxc3 Nc5 16. Ba3 Bg5 17. Qe2 Ne7 18. Bxc5 dxc5 19. Bc4 Nc8 20. a5 Ra7 21. Rfd1 Nd6 22. f3 h5 23. h3 Bh6 24. Bxa6 Qg5 25. Rab1 Bxh3 26. Rb6 Rd8 27. Nc4 Rxa6 28. Rxa6 Nxc4 29. Nf6+ gxf6 30. Rxd8+ Kh7 31. Raa8 Ne3 32. f4 exf4 33. Rh8+ Kg6 34. Rag8+ Bg7 35. Qxh5+ Qxh5 36. Rxh5 1-0

[Event "FICGS W-ch final email"]
[Site "FICGS email"]
[Date "2008.08.22"]
[Round "1"]
[White "Kotlyanskiy, Edward"]
[Black "Stephenson, Andrew"]
[Result "1/2-1/2"]
[WhiteElo "2285"]
[BlackElo "2256"]
[PlyCount "52"]
[EventDate "2008.??.??"]
[EventType "tourn (corr)"]
[EventRounds "6"]
[EventCategory "5"]
[SourceTitle "Corr 2022"]
[Source "ChessBase"]
[SourceDate "2021.10.24"]
[SourceVersion "1"]
[SourceVersionDate "2021.10.24"]
[SourceQuality "1"]

1. e4 c5 2. c3 Nf6 3. e5 Nd5 4. d4 cxd4 5. cxd4 d6 6. Nf3 Nc6 7. Bc4 Nb6 8. Bb5 dxe5 9. Nxe5 Bd7 10. Nxd7 Qxd7 11. Nc3 e6 12. 0-0 Be7 13. Qg4 0-0 14. Bxc6 Qxc6 15. Bh6 Bf6 16. Rad1 Qd7 17. Ne4 Qe7 18. f4 Rfe8 19. Rf3 Nd5 20. Rh3 g6 21. Bg5 Bxg5 22. fxg5 f5 23. gxf6 Nxf6 24. Nxf6+ Qxf6 25. Rf1 Qe7 26. Rhf3 Rf8 1/2-1/2

[Event "FICGS W-ch final email"]
[Site "FICGS email"]
[Date "2008.08.22"]
[Round "1"]
[White "Zubac, Marius"]
[Black "Kotlyanskiy, Edward"]
[Result "1/2-1/2"]
[WhiteElo "2466"]
[BlackElo "2285"]
[PlyCount "53"]
[EventDate "2008.??.??"]
[EventType "tourn (corr)"]
[EventRounds "6"]
[EventCategory "5"]
[SourceTitle "Corr 2022"]
[Source "ChessBase"]
[SourceDate "2021.10.24"]
[SourceVersion "1"]
[SourceVersionDate "2021.10.24"]
[SourceQuality "1"]

1. d4 d5 2. c4 c6 3. Nc3 e6 4. Nf3 dxc4 5. a4 Bb4 6. e3 b5 7. Bd2 Qb6 8. Ne4 Na6 9. Bxb4 Nxb4 10. b3 Qa5 11. Nfd2 f5 12. Nd6+ Ke7 13. Nxc8+ Rxc8 14. bxc4 Nf6 15. Be2 bxc4 16. Nxc4 Qc7 17. 0-0 c5 18. Qb3 a5 19. dxc5 Qxc5 20. Rab1 Rb8 21. Rfc1 Rhd8 22. Na3 Qe5 23. f4 Qd5 24. Nc4 Rdc8 25. Bf3 Ne4 26. Qb2 Kf8 27. Bxe4 1/2-1/2

[Event "FICGS class M 000001 email"]
[Site "FICGS email"]
[Date "2008.06.15"]
[Round "1"]
[White "Aigner, Michael"]
[Black "Kotlyanskiy, Edward"]
[Result "1-0"]
[WhiteElo "2512"]
[BlackElo "2315"]
[PlyCount "67"]
[EventDate "2008.??.??"]
[EventType "tourn (corr)"]
[EventRounds "1"]
[SourceTitle "Corr 2022"]
[Source "ChessBase"]
[SourceDate "2021.10.24"]
[SourceVersion "1"]
[SourceVersionDate "2021.10.24"]
[SourceQuality "1"]

1. d4 d5 2. c4 c6 3. Nc3 Nf6 4. e3 e6 5. Nf3 Nbd7 6. Qc2 Bd6 7. g4 Nxg4 8. Rg1 Qf6 9. Rxg4 Qxf3 10. Rxg7 Nf6 11. Rg5 Qh1 12. Bd2 Qxh2 13. e4 dxe4 14. Nxe4 Be7 15. Rg3 Bd7 16. 0-0-0 Nxe4 17. Qxe4 Qxf2 18. Rf3 Qh4 19. Qe5 Rg8 20. Bd3 f5 21. Bf4 Rg2 22. Bf1 Rg1 23. Kc2 Bf6 24. Qe3 Rh1 25. c5 Ke7 26. Qb3 b5 27. cxb6 axb6 28. Qxb6 Rxa2 29. Qb8 Kf7 30. Qc7 Ke8 31. Rb3 Ra8 32. Rg3 Rg1 33. Rxg1 Qf2+ 34. Kb3 1-0

[Event "LSS WC-2009-T-00005"]
[Site "LSS email"]
[Date "2008.04.15"]
[Round "?"]
[White "Mantovanelli, Marco"]
[Black "Kotlyanskiy, Edward"]
[Result "1-0"]
[WhiteElo "2467"]
[BlackElo "2482"]
[PlyCount "127"]
[EventDate "2008.04.15"]
[EventType "tourn (corr)"]
[EventRounds "10"]
[EventCountry "GER"]
[SourceTitle "Corr 2011"]
[Source "ChessBase"]
[SourceDate "2010.08.31"]
[SourceVersion "1"]
[SourceVersionDate "2010.08.31"]
[SourceQuality "1"]

1. e4 c5 2. Nf3 d6 3. d4 cxd4 4. Nxd4 Nf6 5. Nc3 a6 6. Bg5 e6 7. Qf3 h6 8. Be3 e5 9. Nb3 Be7 10. Be2 0-0 11. Qg3 Kh8 12. 0-0-0 b5 13. f4 Nbd7 14. Kb1 b4 15. fxe5 Nxe5 16. Bf4 bxc3 17. Bxe5 cxb2 18. Bf3 Ne8 19. Bxb2 a5 20. e5 Ra6 21. exd6 Bxd6 22. Be2 Qe7 23. Qf2 Ra8 24. a4 Bb4 25. Bd3 Ra7 26. Rhg1 Ba6 27. g4 Bxd3 28. Rxd3 Rd7 29. Re3 Qg5 30. h4 Qg6 31. h5 Qg5 32. Qe2 Re7 33. Rxe7 Bxe7 34. Bc1 Qh4 35. Nxa5 Nd6 36. Nc6 Re8 37. Qe1 Qh2 38. Qg3 Qxg3 39. Rxg3 Bf6 40. Bb2 Ne4 41. Rd3 Rc8 42. Bxf6 Rxc6 43. Bb2 Ra6 44. Rd4 Nc5 45. Rc4 Nxa4 46. Bd4 Kg8 47. Kc1 f6 48. c3 f5 49. Rc8+ Kf7 50. Rc7+ Ke8 51. g5 hxg5 52. Rxg7 Rc6 53. Kd2 g4 54. Rg5 Nc5 55. Rxf5 Ne4+ 56. Kc2 Ng3 57. Re5+ Kf7 58. Bf2 Nf1 59. Rf5+ Kg8 60. Rg5+ Kh7 61. Rxg4 Ra6 62. Bd4 Ra2+ 63. Kd3 Rd2+ 64. Ke4 1-0

[Event "LSS ST-2008-0-00026"]
[Site "LSS email"]
[Date "2008.02.18"]
[Round "?"]
[White "Kotlyanskiy, Edward"]
[Black "Schuster, Peter"]
[Result "1-0"]
[WhiteElo "2313"]
[BlackElo "2410"]
[PlyCount "65"]
[EventDate "2008.01.16"]
[EventType "tourn (corr)"]
[EventRounds "6"]
[EventCountry "GER"]
[SourceTitle "Corr 2011"]
[Source "ChessBase"]
[SourceDate "2010.08.31"]
[SourceVersion "1"]
[SourceVersionDate "2010.08.31"]
[SourceQuality "1"]

1. e4 e5 2. Nf3 Nc6 3. Bb5 a6 4. Ba4 Nf6 5. 0-0 Be7 6. Re1 b5 7. Bb3 d6 8. c3 Bg4 9. h3 Bh5 10. d3 0-0 11. Nbd2 Qd7 12. Nf1 Bg6 13. Nh4 Bh5 14. Nf3 Bg6 15. Ne3 Na5 16. Bc2 c5 17. Nh4 Bh5 18. g4 Bg6 19. Nhf5 h6 20. h4 Nc6 21. Bb3 Rfb8 22. Qf3 Bd8 23. g5 hxg5 24. hxg5 Nh7 25. Qg4 Ra7 26. Kg2 a5 27. Rh1 Ne7 28. Qh3 Kf8 29. a4 Ng8 30. Qg4 c4 31. dxc4 Nxg5 32. cxb5 Nxe4 33. Qxe4 1-0